000 00545nam a2200193Ia 4500
005 20250923144959.0
008 008 250917s9999 xx 000 0 eng d
037 _aTextual
040 _aDSWL
_beng
_cDSWL
041 _aeng
_2eng
084 _aYX,Z1-H;6-L8E:f, N62
_qDSWL
245 0 _aDeprivation of maternal care
_cby W.H.O
260 _aGeneva
_bWorld Health Organizaton
_c1962
300 _a165 p.
365 _aINR
_b10
925 _g10
942 _cTEXL
_hYX,Z1-H;6-L8E:f, N62
999 _c1445639
_d1445639